Central Library OPAC University of Rajshahi

Diodorus of Sicily / (Record no. 24294)

MARC details
000 -LEADER
fixed length control field 01119nam a2200313u 4500
001 - CONTROL NUMBER
control field 24294
003 - CONTROL NUMBER IDENTIFIER
rucl marc code BD-RjUL
005 - DATE AND TIME OF LATEST TRANSACTION
control field 20211209001031.0
008 - FIXED-LENGTH DATA ELEMENTS--GENERAL INFORMATION
fixed length control field 140313r19461933enk 001 0 eng
035 ## - SYSTEM CONTROL NUMBER
System control number (BD-RjUL)24360
040 ## - CATALOGING SOURCE
Original cataloging agency DLC
Transcribing agency CarP
Modifying agency DLC
-- BD-RjUL
Language of cataloging eng
041 ## - LANGUAGE CODE
Language code of text/sound track or separate title eng
Language code of text/sound track or separate title grc
082 00 - DEWEY DECIMAL CLASSIFICATION NUMBER
Edition number 19
Classification number 930
Author mark and year DID V-1 1946
100 0# - MAIN ENTRY--PERSONAL NAME
Personal name Diodorus,
9 (RLIN) 74062
245 00 - TITLE STATEMENT
Title Diodorus of Sicily /
Statement of responsibility, etc. Diodorus Siculus ; with an english translation by C. H. Oldfather.
Number of part/section of a work Volune 1
Name of part/section of a work Books I and II, 1-34
260 ## - PUBLICATION, DISTRIBUTION, ETC. (IMPRINT)
Place of publication, distribution, etc. London :
Name of publisher, distributor, etc. W. Heinemann ;
Place of publication, distribution, etc. Cambridge, Mass. :
Name of publisher, distributor, etc. Harvard University Press,
Date of publication, distribution, etc. 1933
-- [Reprinted 1946].
300 ## - PHYSICAL DESCRIPTION
Pagination xxvii, 470 p. :
Illustrations Ill. , maps ;
Size 17 cm.
490 ## - SERIES STATEMENT
Series statement Loeb Classical Library;
Volume/sequential designation 279.
500 ## - GENERAL NOTE
General note "Parallel Greek text and English translation."
General note "In Ten Volumes"
504 ## - BIBLIOGRAPHY, ETC. NOTE
Bibliography, etc Includes bibliographical references and index.
650 #0 - SUBJECT ADDED ENTRY--TOPICAL TERM
Topical term or geographic name as entry element History, Ancient.
9 (RLIN) 74824
700 1# - ADDED ENTRY--PERSONAL NAME
Personal name Oldfather, C. H., tr.
830 ## - SERIES ADDED ENTRY--UNIFORM TITLE
Uniform title Loeb Classical Library;
Volume number/sequential designation 279.
942 ## - ADDED ENTRY ELEMENTS (KOHA)
Source of classification or shelving scheme Dewey Decimal Classification
Koha item type Books
Holdings
Lost status Source of classification or shelving scheme Damaged status Not for loan Collection code Permanent Location Current Location Shelving location Date acquired Source of acquisition Cost, normal purchase price Total Checkouts Full call number Date last seen Copy number Koha item type
  Dewey Decimal Classification   Not For Loan Non-fiction Central Library, University of Rajshahi Central Library, University of Rajshahi Reading Room 10/03/1955 SIMPKIN MARSHAL 15.00   930 DID V-1 1946 13/03/2014 C-1 Books